Tổng quan cơ học chất lưu và giải các bài tập chọn lọc

Cơ học chất lưu. Động học chất khí. Bài tập

Đã lưu trong:
Chi tiết về thư mục
Tác giả chính: Nguyễn Thị Thanh Thảo
Tác giả khác: Trương Thành (Hướng dẫn)
Định dạng: Sách
Được phát hành: Đà Nẵng Đại học Sư phạm, Đại học Đà Nẵng 2012
Những chủ đề:
Các nhãn: Thêm thẻ
Không có thẻ, Là người đầu tiên thẻ bản ghi này!
Thư viện lưu trữ: Mạng thư viện Đại học Đà Nẵng
LEADER 01554nam a2200337 4500
001 000017382
003 13800
005 20130411070455.0
008 130411s2012 sd
082 |a 532.0076  |b NG-T 
100 1 |a Nguyễn Thị Thanh Thảo 
245 |a Tổng quan cơ học chất lưu và giải các bài tập chọn lọc  |c Nguyễn Thị Thanh Thảo ; Trương Thành hướng dẫn  |k Khóa luận tốt nghiệp 
260 |a Đà Nẵng  |b Đại học Sư phạm, Đại học Đà Nẵng  |c 2012 
300 |a 51 tr.  |b Hình mh.  |c 29 cm.  |e Đĩa CD, bản tóm tắt 
500 |a Khóa luận tốt nghiệp đại học. Chuyên ngành: Sư phạm Vật Lý 
504 |a Mục lục đầu trang, tài liệu tham khảo tr. 73 - 74, phụ lục [13 tr.] 
520 |a Cơ học chất lưu. Động học chất khí. Bài tập 
600 1 4 |b Vua  |c Đinh Tiên Hoàng 
650 0 4 |a Cơ học chất lưu  |v Khóa luận tốt nghiệp  |x Bài Tập 
653 |a Cơ học chất lưu  |a Khoa Vật lý 
700 |a Trương Thành  |e Hướng dẫn 
OWN |a LSP 
AVA |a UDN50  |b LSP  |d 532.0076 NG-T  |e available  |t Error 5001 Not defined in file expand_doc_bib_avail.  |f 1  |g 0  |h N  |i 0  |k 1 
999 |a From the UDN01 
AVA |a UDN50  |b LSP  |d 532.0076 NG-T  |e available  |t Error 5001 Not defined in file expand_doc_bib_avail.  |f 1  |g 0  |h N  |i 0  |k 1 
TYP |a Monograph 
TYP |a Printed language 
980 |a Mạng thư viện Đại học Đà Nẵng